000 00730nam a22002175i 4500
001 173541
003 ES-MaACL
005 20250804082049.0
008 091207s1975 gw |||| | ger d
020 _a3-525-3377-3
080 _a164
100 1 _aFrege, Gottlob.
_952439
245 1 0 _aFunktion, Begriff, Bedeutung
_b: fünf logische studien /
_cGottlob Frege ; herausgegeben und eingleitet von Günther Patzig.
250 _a4. Aufl.
260 _aGöttingen :
_bVandenhoeck & Ruprecht,
_c1975.
300 _a105 p. ;
_c19 cm.
650 1 7 _aLógica matemática
_2embne
_914697
700 1 _aPatzig, Günther.
_9141741
852 _aES-MaACL
_jE-13248
_z.- Biblioteca Jacinto Martínez Lacalle
999 _c173541
_d173541